លិខិតបទដ្ឋានគតិយុត្តិ និងលិខិតទំនាក់ទំនងរដ្ឋបាល (Record no. 9949)

000 -LEADER
fixed length control field 00389nam a22001217a 4500
040 ## - CATALOGING SOURCE
Transcribing agency HS
082 ## - DEWEY DECIMAL CLASSIFICATION NUMBER
Classification number 813
100 ## - MAIN ENTRY--AUTHOR NAME
Personal name នុត ចន្ថា
245 ## - TITLE STATEMENT
Title លិខិតបទដ្ឋានគតិយុត្តិ និងលិខិតទំនាក់ទំនងរដ្ឋបាល
260 ## - PUBLICATION, DISTRIBUTION, ETC. (IMPRINT)
Place of publication Cambodia
Name of publisher នុត ចន្ថា
Year of publication 2006
300 ## - PHYSICAL DESCRIPTION
Number of Pages 298p;
942 ## - ADDED ENTRY ELEMENTS (KOHA)
Koha item type សៀវភៅភាសាខ្មែរ
952 ## - LOCATION AND ITEM INFORMATION (KOHA)
Withdrawn status [LOCAL, KOHA] 0
952 ## - LOCATION AND ITEM INFORMATION (KOHA)
Withdrawn status [LOCAL, KOHA] 0
952 ## - LOCATION AND ITEM INFORMATION (KOHA)
Withdrawn status [LOCAL, KOHA] 0
952 ## - LOCATION AND ITEM INFORMATION (KOHA)
Withdrawn status [LOCAL, KOHA] 0
Holdings
Permanent Location Date acquired Koha item type Lost status Shelving location Barcode Current Location Full call number
Library Block C2016-09-15សៀវភៅភាសាខ្មែរ C329RUA43811Library Block C813 នុត 2006 C329
Library Block C2016-09-19សៀវភៅភាសាខ្មែរ C329RUA41715Library Block C813 នុត 2006 C329
Library Block C2016-09-19សៀវភៅភាសាខ្មែរ C329RUA42114Library Block C813 នុត 2006 C329
Library Block C2016-09-19សៀវភៅភាសាខ្មែរ C329A02659Library Block C813 នុត 2006 C329
មជ្ឈមណ្ឌលឯការនៃសាកលវិទ្យាល័យភូមិន្ទកសិកម្មចំការដូង

Powered by Koha